000 02222cab a2200289 a 4500
005 20230208063844.0
008 991125c2020 sp ar p o 000 0 spa d
035 _aUPN01000235805
040 _aMX-MxUPN
_bspa
_eaacr2
049 _aART-E
100 1 _aAngelidou, Georgia
_6- g_aggelidou@hotmail.com
100 1 _aBartolomei Torres, Pierette
100 1 _aAguaded Ramírez, Eva María
245 1 4 _aLas actitudes de los adultos hacia los menores refugiados: el caso de Grecia, España y Puerto Rico
_h[recurso electrónico en línea]
506 0 _aAcceso abierto
520 3 _aLos conflictos armados y la persecución, que llegaron a su apogeo en 2015, han causado un nuevo recórd en el número de personas forzadas a abandonar sus hogares. En Grecia se registraron 66.966 solicitantes de asilo durante el año fiscal 2018, mientras en España durante los cinco primeros meses de 2019, más de 45.000 personas han solicitado protección internacional. En el caso de los Estados Unidos, durante el año 2017, unas 53,691 personas han sido reconocidas como refugiados. Se considera que, mundialmente, más del 50% de las personas refugiadas corresponde a menores de edad, los que tienen una serie de derechos establecidos por las normas internacionales, como por ejemplo el derecho a la educación. Esta investigación mide las actitudes de los adultos griegos, españoles y puertorriqueños hacia los menores refugiados utilizando una encuesta cuantitativa. En total participaron 215 griegos, 180 españoles y 140 puertorriqueños. Resultados: la mayor parte de los encuestados respetan los derechos de los menores refugiados. De la misma manera, los datos revelaron que los encuestados tienen una actitud positiva en cuanto a la recepción de los menores refugiados.
650 2 _aRefugiados
_915789
653 0 _aActitudes
653 0 _aAdultos
653 0 _aMenores de edad
653 0 _aRacismo
773 _gNo. 17 (2020), p. 149-171
_tDedica. Revista de educacao e humanidades
_x2182-018X
856 4 0 _uhttps://revistaseug.ugr.es/index.php/dedica/issue/current/showToc
856 4 0 _uhttp://dx.doi.org/10.30827/dreh.v0i17.10221
_zConsultar articulo completo
905 _aArticulo
942 _cART-E
999 _c207900
_d207900